000 00918nam a2200253Ia 4500
003 OSt
005 20220923222954.0
006 a|||||r|||| 00| 0
007 ta
008 220922b |||||||| |||| 00| 0 hin d
024 _a209,373
037 _cTextual
040 _aARTS
_cARTS
_bhin
041 _2hin
_ahin
082 _aO152,3:gN7, M4
100 _aमेंहदीरत्ता, कांता
245 0 _aहिन्दी कहानी का मूल्यंाकन सन् 195 से 1975
246 _aHindī kahānī kā mūlyanākan san 1950 se 1975
260 _aनई दिल्ली
_b राधाकृष्ण प्रका0
_c1984
300 _a227पृ.
_ccm.
650 _aहिन्दी साहित्य
_9156264
942 _hO152,3:gN7, M4
_cTEXL
_2CC
999 _c359946
_d359946